| 000 | 00416nam a2200145Ia 4500 | ||
|---|---|---|---|
| 008 | 231129s2001||||xx |||||||||||||| ||spa|| | ||
| 020 | _a958-8160-11-1 | ||
| 040 | _bspa | ||
| 082 | _a330.9861 R436e | ||
| 100 | _aRestrepo Juan Camilo | ||
| 245 | 0 | _aEconomía y conflicto Colombo-Peruano | |
| 260 | _c2001 | ||
| 264 | _aBogotá Colombia: Villegas Editores | ||
| 942 |
_2ddc _cBKS |
||
| 999 |
_c9912 _d9912 |
||